000 00613nam a2200193 i 4500
001 79003
003 ES-MaACL
005 20240129175456.0
007 t|
008 041019s1945 ag |||| |dspa d
100 1 _aHello, Ernest.
_962459
245 1 0 _aFisionomías de santos /
_cErnest Hello ; [traducción del francés por Juan de Maragall].
260 _aBuenos Aires :
_bEmecé,
_c[1945] (
_fDidot)
300 _a327 p. ;
_c18 cm.
650 4 _aSantos cristianos-
_xBiografías.
_9159200
700 1 _aMaragall, Joan,
_d1860-1911
_9152432
852 _aES-MaACL
_jB-12919
999 _c79003
_d79003